01689nam a2200277 a 4500001001000000005001700010008004100027041000800068044000700076084002600083100004500109245005100154260008400205300004200289500012200331500016600453500009900619500040100718500004001119500001501159650005201174650005601226650003401282650004501316740005001361BRCA_236520190320203757.0061108s1968----sp-#---###---#000-0#spa-u aspa asp a006b.H57c1968 F16051 aCervantes Saavedra, Miguel ded1547-161610aDon Quijote de la ManchacMiguel de Cervantes. aPalma de Mallorca (España)bThe Hispanic Society of America : Alfaguarac1968 a1 v. (en varias paginaciones)c25 cm. aContenido : Primera parte. Dedicatoria del autor al Duque de Béjar. Prólogo del autor. Versos preliminares. Texto aEdición : Facsímil de la primera impresión tomo 1, según la edición príncipe de Juan de la Cuesta, Madrid, 1605, seguida de los dos pasajes que omite aFacsímil de : El ingenioso hidalgo Don Quixote de la Mancha. Madrid: Juan de la Cuesta, 1605 aFacsímil de la primera parte de la edición príncipe. Editado por The Hispanic Society of America, en Palma de Mallorca, el año de 1968. Sigue la primera edición de Cuesta y va complementada con los dos pasajes omitidos, tomados de la tercera del mismo editor. Muy buena presentación en magnífico papel y excelente elaboración. Tirada limitada; ejemplar núm. 352 Lúdovik Osterc aExistencias : Complementa al LO-032 aQMR114 (?)14aNovela españolayÉpoca clásica, 1500-170014aLiteratura españolayÉpoca clásica, 1500-170014aNovela españolaySiglo XVII14aDon Quijote (Personaje ficticio)eNovela0 aEl Ingenioso Hidalgo Don Quijote de la Mancha